000
00275nam a2200109Ia 4500
008
220204s9999 xx 000 0 und d
082
_a
929A/Z(NOR)
_b
BHA
100
_a
Bhandari, R S
245
0
_a
Tenzing Norgay
260
_a
New Delhi
_b
Childrens Book Trust
_c
1972
942
_c
BK
999
_c
31502
_d
31502